Statistics for Acronym Vocabulary #4: LMAO

Click here to take the quiz!

General Stats

  • This quiz has been taken 286 times
  • The average score is 11 of 20

Answer Stats

HintAnswer% Correct
Colour-changing lizardChameleon
88%
Pink wading birdFlamingo
88%
Tooth typeMolar
87%
South American countryColombia
75%
Not casualFormal
74%
Citric drinkLemonade
70%
Graduation documentDiploma
68%
Neil Armstrong dance?Moonwalk
61%
Sewer entranceManhole
60%
Multiple marriagePolygamy
60%
Downhill ski raceSlalom
57%
Ordinary, standardNormal
54%
Round Table localeCamelot
48%
San Antonio missionAlamo
46%
Ethical, virtuousMoral
40%
Of the thighboneFemoral
38%
Biscotti flavourAlmond
35%
Whinge, whineComplain
31%
Lute relativeMandolin
21%
Quinnat or King, eg.Salmon
7%

Score Distribution

Percentile by Number Answered

Percent of People with Each Score

Your Score History

You have not taken this quiz